Normal view MARC view

Entry Personal Name

Number of records used in: 1

001 - CONTROL NUMBER

  • control field: 1238937

003 - CONTROL NUMBER IDENTIFIER

  • control field: OSt

005 - DATE AND TIME OF LATEST TRANSACTION

  • control field: 20260511112458.0

008 - FIXED-LENGTH DATA ELEMENTS

  • fixed length control field: 260511|| aca||aabn | a|a d

040 ## - CATALOGING SOURCE

  • Original cataloging agency: OSt
  • Transcribing agency: OSt

100 ## - HEADING--PERSONAL NAME

  • Personal name: ਗੋਜਰਾ, ਕੁਲਵੀਰ

670 ## - SOURCE DATA FOUND

  • Source citation: Work cat.: (OSt)1851163: ਕੌਰ, ਮਨਪ੍ਰੀਤ 814195, ਪੰਜਾਬੀ ਨਾਵਲ ਵਿੱਚ ਨਾਈਕ ਦੀ ਬਿੱਬ ਸਿਰਜਣਾ ਦੇ ਵਿਚਰਧਾਰਾਈ ਆਧਾਰ , 2025.
Copyright @ Delhi University Library System